000 00511nam a22001817a 4500
003 CEME
005 20210628205123.0
008 210226b xxu||||| |||| 00| 0 eng d
020 _a0-03-020606-5
040 _c.
082 _a370.78 ARY'I
100 _aAry, Donald Jacobs, L. C Razavieh, A
_974032
245 _aIntroduction to research in education
260 _aNEWYORK
_bHOLT RINEHART AND WINSTON
_c1979
300 _aXII, 328P
650 _aEDUCATIONAL RESEARCH ACC NO-30508
_974033
942 _cBK
_2ddc
999 _c579613
_d579613